000 01007nam a22002897a 4500
003 CHAP
005 20220817042350.0
008 971013s1975 r 00010 d
010 _a42333
011 _a43305
035 _a47441
040 _cCHAP
082 _a632.58
_bM4
110 _aMéxico. Dirección General de Extensión Agrícola
245 _aPrograma de extensión agrícola para el combate de malezas en los cultivos básicos de maíz, frijol, arroz, sorgo y oleaginosas, 1975-1980
260 _aChapingo, Méx. :
_bLa Dirección,
_c1975
300 _a31 h
590 _aBATCH-UPD
_b10
_c20130110
_lUCH01
_h1309
590 _aCONVERSION
_b10
_c20130109
_lUCH01
_h1323
650 1 4 _aCereales
_xMalas hierbas.
_921431
650 1 4 _aFrijol
_xMalas hierbas
_xControl.
_943402
650 1 4 _aMalas hierbas
_xControl.
_970011
650 1 4 _aPlantas oleaginosas
_xMalas hierbas.
_989043
901 _aBK
942 _cLIBRO
949 _a632.58 M4
_bBC
_cLIBRO
_d33724000178810
_eLIBRO
_h44258
_i47441
_mD
_si
999 _c42333
_d42333